| 000 | 00341 a2200109 4500 | ||
|---|---|---|---|
| 001 | ART_44737 | ||
| 005 | 20260410161709.0 | ||
| 008 | 260409a | ||
| 245 | 1 | 0 | _aEl programa de revisión fiscal en el proceso de due diligence |
| 100 | 1 | _aMastandrea, Alberto F. | |
| 773 | 0 |
_tRevista Impuestos _g- Nº 10 (oct. 2017) _wREV639 |
|
| 999 |
_c15889 _d15889 |
||